| 000 | 01627cam a22003015a 4500 | ||
|---|---|---|---|
| 001 | L146725 | ||
| 002 | 17815 | ||
| 008 | 090220s2009 xxk f 001 0 eng d | ||
| 020 | _a9781842194560 | ||
| 035 | _a(Sirsi) u146725 | ||
| 041 | 0 | _aeng | |
| 050 | 0 | 4 | _a333.332 $2 18 |
| 100 | 1 | _aCherry, Andrew | |
| 245 | 0 | 2 | _aA valuer's guide to the RICS Red Book 2009 |
| 250 | _a3rd ed. | ||
| 260 |
_aCoventry _bRICS _c2009 |
||
| 300 |
_axiv, 170p _c21cm. |
||
| 350 | _a27.95 | ||
| 505 | 2 | _aIntroduction -- Qualifications and conflicts of interest -- Agreement of terms of enagagement with the client -- Valuation bases -- Inspections and material considerations -- Valuation reports -- Valuations for commercial secured lending -- Regulated purpose valuations -- The monitoring of valuations -- Specialist valuations -- Appendix: Red Book map -- Index of frequently asked questions -- Index | |
| 520 | _aA practical guide which assists with understanding the requirements set out in the Red Book (RICS Valuation Standards). The guide has been updated to take account of the march 2009 amendments to the Red Book. Discusses the principal aims and standards, qualifications and conflicts of interest and terms of engagement with the client. Also provides commentary on rules for specific practice areas and an index of frequently asked valuation questions. | ||
| 520 | _aSupersedes 2nd ed. (ISBN 9781842193532). | ||
| 520 | _aSuperseded by 4th ed. (ISBN 9781842195895). | ||
| 521 | _aAdvanced | ||
| 590 | _aKA NTK | ||
| 651 | 4 |
_aUnited Kingdom _y |
|
| 690 | _aPROPERTY-PROPERTY APPRAISAL AND VALUATION | ||
| 942 | _n0 | ||
| 999 |
_c109265 _d109265 |
||